Statistics for BBC Merlin Actors Quiz

Click here to take the quiz!

General Stats

  • This quiz has been taken 116 times
  • The average score is 8 of 15

Answer Stats

CharacterAnswer% Correct
MerlinColin Morgan
96%
Arthur PendragonBradley James
92%
Guinevere PendragonAngel Coulby
83%
Morgana PendragonKatie McGrath
83%
Uther PendragonAnthony Head
79%
GaiusRichard Wilson
70%
Sir PercivalTom Hopper
50%
Sir GwaineEoin Macken
45%
Sir LancelotSantiago Cabrera
44%
Sir LeonRupert Young
39%
Sir MordredAlexander Vlahos
28%
BalinorJohn Lynch
25%
MorgauseEmelia Fox
19%
Sir ElyanAdetomiwa Edun
10%
HunithCaroline Faber
7%

Score Distribution

Percentile by Number Answered

Percent of People with Each Score

Your Score History

You have not taken this quiz